000 00391pab a2200157 454500
008 180718b1965 xxu||||| |||| 00| 0 eng d
100 _aSinha, Arun
245 _aMaintaining the supply line
260 _c1965
300 _ap.56-61.
362 _aJan-Mar
650 _aPublic distribution system
773 _aIndian Journal of Public Administration
908 _aN
909 _a100278
999 _c100277
_d100277